Les Escoles de la Generalitat : realitzacions '81 i projectes immediats / Generalitat de Catalunya. Departament d'Ensenyament. Direcció General de Programació i Serveis Generals realitzacions '81 i projectes immediats / Generalitat de Catalunya. Departament d'Ensenyament. Direcció General de Programació i Serveis Generals
Descripción Física:
[34] f. : il. ; 30 cm
Materias:
Escoles -- Edificis -- Catalunya
MARC
| LEADER | 00000nam a2200000Ia 4500 | ||
|---|---|---|---|
| 001 | 1152 | ||
| 008 | 160829s1982 xx 000 0 cat d | ||
| 080 | |a FU-17-3 | ||
| 100 | |a Catalunya. Direcció General de Programació i Serveis Generals |9 27241 | ||
| 245 | |a Les Escoles de la Generalitat : |b realitzacions '81 i projectes immediats / Generalitat de Catalunya. Departament d'Ensenyament. Direcció General de Programació i Serveis Generals | ||
| 260 | |a Barcelona : |b Col·legi Oficial d'Arquitectes de Catalunya, |c 1982 | ||
| 300 | |a [34] f. : |b il. ; |c 30 cm | ||
| 650 | |a Escoles |x Edificis |x Catalunya |9 27242 | ||
| 710 | 2 | |a Col·legi d'Arquitectes de Catalunya |9 54124 | |
| 901 | |a Arxiu | ||
| 942 | |n 1 | ||
| 952 | |0 0 |1 0 |4 0 |6 FU173 |7 1 |9 44325 |a Arxiu |b Arxiu |d 2016-12-01 |l 0 |o FU-17-3 |p 1152 |r 2016-12-01 00:00:00 |w 2016-12-01 |y ARXIU | ||
| 999 | |c 46905 |d 46905 | ||